Clinical audit

Detalles Bibliográficos
Formato: Electrónico Seriadas
Lenguaje:inglés
Publicado: [UK] : Dove Press
Materias:
Acceso en línea:Full text available from Research Library: 01/01/2009 to present

MARC

LEADER 00000nas a2200000 a 4500
001 ssj0000626950
003 WaSeSS
005 20200512172242.0
006 m d
007 cr n
008 090421c20099999enkar s 0 0eng c
010 |a  2012256072 
016 7 |a 2520697-7  |2 DE-600 
022 |a 1179-2760 
035 |a (WaSeSS)ssj0000626950 
040 |a NZ1  |b eng  |c NZ1  |d HEBIS  |d OCLCQ  |d NTE  |d RBN  |d AU@  |d OCLCQ  |d CUS  |d OCLCQ  |d EUW  |d CUI  |d OCLCQ  |d OCLCF  |d OCLCQ  |d LIP  |d XFH  |d WT2  |d OCLCO  |d OCLCQ  |d OCLCA  |d CRU  |d MOW  |d OCLCO  |d OCLCQ  |d OCLCO  |d WYU  |d OCLCO  |d OCLCA  |d VT2  |d OCLCQ  |d WaSeSS 
042 |a pcc 
050 4 |a RA399.A1  |b C55 
082 0 4 |a 362.102305  |2 22 
210 1 |a Clin. audit 
222 0 |a Clinical audit 
245 0 0 |a Clinical audit  |h [electronic resource]. 
260 |a [UK] :  |b Dove Press 
310 |a Annual 
362 1 |a Began with 2009:1. 
506 |a License restrictions may limit access. 
588 0 |a 2009:1; title from issue home page (viewed Feb. 19, 2010). 
588 1 |a Vol. 4 (2012), viewed Mar. 23. 2012. 
650 0 |a Medical audit  |v Periodicals. 
650 2 |a Medical Audit. 
650 7 |a Medical audit.  |2 fast  |0 (OCoLC)fst01013744 
655 0 |a Electronic journals. 
856 4 0 |z Full text available from Research Library: 01/01/2009 to present  |u https://search.proquest.com/publication/3933189